000 01224nam0a22002891 4500
001 rc\3354144
005 20260407192642.0
021 _aRU
_b69-38686
021 _aRU
_bРг6625-69
035 _a(NLR Aleph) 007438087
090 _a7086448
_c7086448
100 _a20130115d1969 |||y0rusy50 ca
101 0 _arus
102 _aRU
105 _ay z |||||
200 1 _aТоржество великих идей ленинизма
_eМатериал в помощь докладчикам и лекторам к 99 годовщине со дня рождения В.И. Ленина
_fЛекторская группа Сарат. обкома КПСС. Правл. обл. организации о-ва "Знание"
210 _aСаратов
_cКоммунизм
_d1969
215 _a16 с.
_d26
300 _aСост. указан в конце текста
700 1 _aЛебедев
_bП.В.
_4220
702 1 _aЛенин
_bВ.И.
_f1870-1924
_gВладимир Ильич
_4570
712 0 2 _aКПСС
_bСаратовский областной комитет
_3RU\NLR\AUTH\8810126173
_9749716
801 0 _aRU
_bNLR
_gpsbo
801 1 _aRU
_bELAR
_2rusmarc
852 _aNLR
_j69-7/1396
942 _cBOOK
980 _aNB